000 00699nam a2200217Ii 4500
003 JO-AjNU
008 230605s9999||||xx |||||||||||||| ||und||
017 _a2009/11/4882
040 _aJO-AjNU
_bara
_erda
_cJO-AjNU
041 _aara
050 1 4 _aBP161.2.N37 2013
100 3 _aالنجار، زغلول راغب,
_eauthor
_959537
245 0 0 _aهذا هو القرآن
250 _aط5
264 3 1 _aعمان: جمعية المحافظه على القرآن الكريم،2013
300 _a435ص
336 _atext
_btxt
_2rdacontent
337 _aunmediated
_bn
_2rdamedia
338 _avolume
_bnc
_2rdacarrier
650 4 _aالقرآن/ الاسلام/ اعجاز القرآن
_959538
999 _aA26797
_c30365
_d30365